Cuadernos Nacionales /

Shranjeno v:
Bibliografske podrobnosti
Format: Knjiga
Izdano: Ciudad de Panamá: Universidad de Panamá. Instituto de Estudios Nacionales, 1988-
Teme:
Oznake: Označite
Brez oznak, prvi označite!

MARC

LEADER 00000nam a22000007a 4500
003 cru CIDCACS/IIS
005 20200318115443.0
008 200318s1988 pn |||p|r||||||0| ||spa|d
999 |c 42336  |d 42336 
040 |c cru CIDCACS/IIS 
090 |a REV0345 
245 |a Cuadernos Nacionales /  |c Universidad de Panamá. Instituto de Estudios Nacionales 
260 |a Ciudad de Panamá:  |b Universidad de Panamá. Instituto de Estudios Nacionales,  |c 1988- 
270 |a Universidad de Panamá, Ciudad Universitaria 
500 |a EXISTENCIAS : 1988 (1) 1989 (2, 3) 
650 4 |9 1839  |a DEUDA EXTERNA 
650 4 |9 1935  |a RECESION ECONOMICA 
650 0 |9 2806  |a RELACIONES ECONOMICAS INTERNACIONALES  
650 4 |9 2661  |a FMI 
650 4 |9 2662  |a BANCO MUNDIAL 
942 |2 ddc  |c PP